| 000 | 01208ncm a2200325 c 4500 | ||
|---|---|---|---|
| 999 |
_c303092 _d303092 |
||
| 003 | BLK | ||
| 005 | 20241011005338.0 | ||
| 008 | 180414b bul |a|er|||| |0| c|bulo| | ||
| 010 | _aNOT00001505000 | ||
| 040 | _aBLK | ||
| 041 |
_aDEU _cDEU |
||
| 080 |
_aМузика за пиано. Етюди, технически упражнения. Начални школи. _b786.2.087.5 _z786.2.087.5 |
||
| 100 | 1 |
_aБургмюлер, Йохан Фридрих _eпърви автор _943954 |
|
| 139 |
_aБургмюлер, Йохан Фридрих _bБ 87 |
||
| 245 | 1 | 0 |
_aEtuden fur Pianoforte _b[Funfundzwanzig] 25 leichte Etuden _c* Johann Friedrich Burgmuller; Йохан Фридрих Бургмюлер; hrsg. von Adolf Ruthardt. _sOp.100 |
| 257 | _aDEU | ||
| 260 |
_bPeters 3101 _cБ. г. |
||
| 300 |
_a39 с. _c30 см |
||
| 380 | _a7 | ||
| 650 | 0 |
_aПиано - етюди _9353307 |
|
| 700 | 1 |
_aBurgmuller, Johann Friedrich _e* _96458 |
|
| 700 | 1 |
_aRuthardt, Adolf _ehrsg. von _9388884 |
|
| 852 |
_aЦб М ІІ 1379 _p0 |
||
| 856 | 4 |
_qpdf _u |
|
| 856 | 4 |
_qpdf _u |
|
| 942 |
_cNOT _n0 _s1 |
||
| 944 |
_aCR _k _lCRON CRON |
||
| 944 |
_aED _c10.01.2006 |
||
| 999 | _d303092 | ||